000 00781nam a2200205Ia 4500
003 GCL
008 140319s9999 xx 000 0 ara d
040 _aGCL /
_cGCL
082 0 4 _a303.37
_bز ب
100 1 _aزغبى ، جيمس ج
245 1 0 _aبماذا يفكر العرب :
_bقيمهم و معتقداتهم و اهتماماتهم /
_cزغبى ، جيمس ج
250 _aالاولى
260 _a[S.N] :
_bمؤسسة الفكر العربى ،
_c2003
300 _a111 ص ؛
_c30 سم
650 0 4 _aالعرب - العادات والتقاليد
650 0 4 _aالعالم العربى - الاحوال الاجتماعية
650 0 4 _aالعرب - القيم الاخلاقية
650 0 4 _aالعرب - القيم الاجتماعية
942 _2ddc
_cBK
999 _c51398
_d51398